Babybug : (Record no. 9002)
[ view plain ]
| 000 -LEADER | |
|---|---|
| fixed length control field | 00975nam a22002537a 4500 |
| 001 - CONTROL NUMBER | |
| control field | 9002 |
| 003 - CONTROL NUMBER IDENTIFIER | |
| control field | FISKH |
| 005 - DATE AND TIME OF LATEST TRANSACTION | |
| control field | 20251114095704.0 |
| 008 - FIXED-LENGTH DATA ELEMENTS--GENERAL INFORMATION | |
| fixed length control field | 251113b cb ||||| |||| 00| 0 eng d |
| 040 ## - CATALOGING SOURCE | |
| Original cataloging agency | FISKH |
| Language of cataloging | eng |
| Transcribing agency | FISKH |
| Modifying agency | FISKH |
| 050 ## - LIBRARY OF CONGRESS CALL NUMBER | |
| Classification number | PZ7 |
| 082 ## - DEWEY DECIMAL CLASSIFICATION NUMBER | |
| Classification number | 823 |
| 100 ## - MAIN ENTRY--PERSONAL NAME | |
| Personal name | Vulliamy, Clara |
| Relator term | Author |
| 245 ## - TITLE STATEMENT | |
| Title | Babybug : |
| Remainder of title | Kim and carrots / |
| Statement of responsibility, etc. | by Clara Vuliamy |
| 260 ## - PUBLICATION, DISTRIBUTION, ETC. | |
| Place of publication, distribution, etc. | Peru : |
| Name of publisher, distributor, etc. | Carus Publishing Company , |
| Date of publication, distribution, etc. | 1996 |
| 300 ## - PHYSICAL DESCRIPTION | |
| Extent | 20 unnumbered pages : |
| Other physical details | color illustrations ; |
| Dimensions | 18 cm |
| 505 ## - FORMATTED CONTENTS NOTE | |
| Formatted contents note | C<br/> |
| 520 ## - SUMMARY, ETC. | |
| Summary, etc. | Kim and Carrots is a short, sweet story about a young girl and her beloved stuffed bunny. Together they share playful adventures and quiet moments, celebrating the joy of friendship and imagination. With simple words and charming illustrations, this story is perfect for very young readers. |
| 521 8# - TARGET AUDIENCE NOTE | |
| Target audience note | 100<br/> |
| Source | Lexile estimate<br/> |
| 521 8# - TARGET AUDIENCE NOTE | |
| Target audience note | C<br/> |
| Source | Raz-Plus<br/> |
| 650 ## - SUBJECT ADDED ENTRY--TOPICAL TERM | |
| Topical term or geographic name entry element | Children picture book |
| Form subdivision | Painting |
| 942 ## - ADDED ENTRY ELEMENTS (KOHA) | |
| Source of classification or shelving scheme | Dewey Decimal Classification |
| Koha item type | Books |
| Suppress in OPAC | No |
| Withdrawn status | Lost status | Source of classification or shelving scheme | Damaged status | Not for loan | Home library | Current library | Shelving location | Date acquired | Total Checkouts | Full call number | Barcode | Date last seen | Copy number | Price effective from | Koha item type |
|---|---|---|---|---|---|---|---|---|---|---|---|---|---|---|---|
| Dewey Decimal Classification | Footprints International School Library Network Toul Tom Poung Campus | Footprints International School Library Network Toul Tom Poung Campus | TTP Primary Green Bookshelves | 11/13/2025 | VUL 823 PZ7 | FISBK05531 | 11/13/2025 | 1 | 11/13/2025 | Books |
